Hướng dẫn học sans frontières methode de Français / Volume 1 :
Spremljeno u:
| Glavni autor: | |
|---|---|
| Daljnji autori: | , , |
| Format: | Knjiga |
| Jezik: | French Vietnamese |
| Izdano: |
Tp.HCM :
Nxb Tp.HCM,
2003.
|
| Teme: | |
| Oznake: |
Dodaj oznaku
Bez oznaka, Budi prvi tko označuje ovaj zapis!
|
| Thư viện lưu trữ: | Mạng thư viện Đại học Đà Nẵng |
|---|
| LEADER | 01303nam a2200361 a 4500 | ||
|---|---|---|---|
| 001 | 000041465 | ||
| 003 | 18353 | ||
| 005 | 20190924092308.0 | ||
| 008 | 171030s2003 | ||
| 020 | |c 16000 | ||
| 040 | |a lnn |c lnn |d lnn | ||
| 041 | 1 | |a fre |a vie | |
| 082 | 1 | 4 | |a 448.2 |b VE-M |
| 100 | 1 | |a Verdelhan, Michèle. | |
| 245 | 1 | 0 | |a Hướng dẫn học sans frontières |n Volume 1 : |b methode de Français / |c Michèle Verdelhan, Michel Verdelhan, Philippe Dominique ; Trần Chánh Nguyên, Trần Thị Mai Ýên dịch. |
| 260 | |a Tp.HCM : |b Nxb Tp.HCM, |c 2003. | ||
| 300 | |a 231 p. ; |c 20,5 cm. | ||
| 630 | 0 | 4 | |a Français. |
| 630 | 0 | 4 | |a Langue française. |
| 650 | 0 | 4 | |a Langue étrangère |x Français. |
| 700 | 1 | |a Verdelhan, Michèle. | |
| 700 | 1 | |a Dominique, Philippe. | |
| 700 | 1 | |a Trần Chánh Nguyên, |e dịch. | |
| 700 | 1 | |a Trần Thị Mai Ýên, |e dịch. | |
| OWN | |a LNN | ||
| AVA | |a UDN50 |b LNN |c French |d 448.2 VE-M |e available |t Error 5001 Not defined in file expand_doc_bib_avail. |f 4 |g 0 |h N |i 0 |j PN | ||
| 999 | |a From the UDN01 | ||
| AVA | |a UDN50 |b LNN |c French |d 448.2 VE-M |e available |t Error 5001 Not defined in file expand_doc_bib_avail. |f 4 |g 0 |h N |i 0 |j PN | ||
| TYP | |a Monograph | ||
| TYP | |a Printed language | ||
| 980 | |a Mạng thư viện Đại học Đà Nẵng | ||